000 00689 a2200229 4500
003 OSt
005 20180116192352.0
008 120601t xxu||||| |||| 00| 0 eng d
020 _a9780714847122 (hbk.)
020 _a0714847127 (hbk.)
040 _c0
082 0 4 _a741.6
100 _aFletcher, Alan.
_93725
245 1 0 _aPicturing and poeting /
_c Alan Fletcher.
260 _aLondon :
_bPhaidon,
_c2006.
300 _a374 p. :
_bill. (chiefly col.), port. ;
_c25 cm.
600 1 0 _aFletcher, Alan.
_93726
650 1 0 _aGraphic arts.
_93727
650 1 0 _aDesign.
_93728
942 _aSADA
_cBK
_k741.6 FLE 2006
_2ddc
999 _c352958
_d352958